00585nam a2200169Ia 4500008004100000041000800041082001700049100001900066245003100085260002500116300000800141365001500149700002900164906003400193999001900227952016900246230718s9999 xx 000 0 und d aeng a621.381bCHO aChoudhury D.R. aLinear Integrated Circuits c1993bWiley And Sons a421 cRs.b95.00 aChoudhury D.R. & Jain S. dB:66129-Oct-1993cETC b14.25 c291458d291458 00104070aCCEPbCCEPd1993-10-28ePradeep Book DistributorsfETC g80.75i661l0o621.381pCCEP-BK-2558r2023-07-18 00:00:00t14.25v95.00w1993-10-29yBKz002558